Entrepreneurship and Family Business
Gespeichert in:
| Weitere Verfasser: | , , |
|---|---|
| Format: | Buch |
| Sprache: | Englisch |
| Veröffentlicht: |
Bingley
Emerald
2010
|
| Ausgabe: | 1st Edition |
| Schlagworte: | |
| Tags: |
Keine Tags, Fügen Sie das erste Tag hinzu!
|
MARC
| LEADER | 00000nam a2200000 4500 | ||
|---|---|---|---|
| 001 | 0286279 | ||
| 005 | 20240416113607.8 | ||
| 020 | |a 978-0-85724-097-2 | ||
| 041 | 0 | |a eng | |
| 044 | |a GB | ||
| 245 | 1 | 0 | |a Entrepreneurship and Family Business |c edited by Alex Stewart, G. T. Lumpkin, Jerome A. Katz |
| 250 | |a 1st Edition | ||
| 264 | 1 | |a Bingley |b Emerald |c 2010 | |
| 300 | |a 400 s. | ||
| 610 | 2 | 0 | |a podnikanie rodinné |
| 610 | 2 | 0 | |a podnik rodinný |
| 610 | 2 | 0 | |a politika podnikania |
| 610 | 2 | 0 | |a stratégia podnikateľská |
| 700 | 1 | |a Stewart, Alex | |
| 700 | 1 | |a Lumpkin, G. T. | |
| 700 | 1 | |a Katz, Jerome A. | |